|
|
|
|
| LEADER |
00000naa2a2200000 4500 |
| 001 |
395135 |
| 005 |
20231101064558.0 |
| 035 |
|
|
|a (RuTPU)RU\TPU\prd\32291
|
| 090 |
|
|
|a 395135
|
| 100 |
|
|
|a 20050202a2004 k y0rusy50 ca
|
| 101 |
0 |
|
|a rus
|
| 102 |
|
|
|a RU
|
| 200 |
1 |
|
|a Построение критических областей для проверки многих параметрических гипотез вариационными методами
|f В. А. Власов, С. В. Власов
|
| 225 |
1 |
|
|a Математическое обеспечение АСУ
|
| 320 |
|
|
|a Библиогр.: 6 назв.
|
| 461 |
|
1 |
|0 (RuTPU)RU\TPU\prd\2287
|t Промышленные АСУ и контроллеры
|o ежемесячный научно-технический производственный журнал
|d 2002-
|
| 463 |
|
1 |
|0 (RuTPU)RU\TPU\prd\26971
|t № 6
|v С. 31-32
|d 2004
|
| 610 |
1 |
|
|a вариационный метод
|
| 610 |
1 |
|
|a критические области
|
| 610 |
1 |
|
|a параметрические гипотезы
|
| 610 |
1 |
|
|a методы вариационного исчисления
|
| 700 |
|
1 |
|a Власов
|b В. А.
|
| 701 |
|
1 |
|a Власов
|b С. В.
|
| 801 |
|
1 |
|a RU
|b 63413507
|c 20050202
|g PSBO
|
| 942 |
|
|
|c BK
|